| 000 | 00883nam a2200241 a 4500 | ||
|---|---|---|---|
| 001 | 000042540 | ||
| 005 | 20201002040225.0 | ||
| 008 | 131211s2000 sp a 000 0 spa d | ||
| 020 | _a848310671X | ||
| 040 |
_aDO-SdBNP _bspa _cBNPHU |
||
| 245 | 0 | 0 |
_aAntes de Lucy : _bel agujero negro de la evolución humana / _cJordi Agustí ... [et al.] ; edición de Jordi Agustí ; traducción de los artículos de D. Pilbeam, P. Andrews y R.D. Martin, Ambrosio García Leal. |
| 260 |
_aBarcelona, : _bTusquets, _c2000. |
||
| 300 |
_a286 p. : _bil. ; _c21 cm. |
||
| 490 | 1 |
_aMetatemas _v62 |
|
| 700 | 1 |
_aAgustí, Jordi _eed. _969771 |
|
| 700 | 1 |
_aAndrews, Peter _969772 |
|
| 700 | 1 |
_aKöhler, Meike _969773 |
|
| 700 | 1 |
_aMartin, Robert D. _969774 |
|
| 700 | 1 |
_aMoyà, Salvador _969775 |
|
| 700 | 1 |
_aPilbeam, David _969776 |
|
| 700 | 1 |
_aSabater Pi, Jordi _969777 |
|
| 830 | 0 |
_aMatatemas _v62 _969778 |
|
| 999 |
_c42029 _d42029 |
||